000
00329 a2200157 4500
001
182474
020
_a
85-00-91469-6
040
_c
Magnum
100
_a
Azevedo, Álvares de
240
1
0
_a
Noite na taverna
_l
por
245
1
0
_a
Noite na taverna
300
_a
88
362
0
_a
2001
697
_a
LITERATURA GERAL
942
_c
BK
999
_c
182474
_d
182474